| 000 | 01257nam a2200349Ia 4500 | ||
|---|---|---|---|
| 001 | 57407 | ||
| 003 | CO-BoRNBP | ||
| 005 | 20250701154743.0 | ||
| 007 | ta | ||
| 008 | 210805t2011 sp a br 000 0dspa d | ||
| 020 | _a9788415208198 | ||
| 040 |
_aCO-BoRNBP _bspa _erda _cCO-BoRNBP |
||
| 041 | 0 | _aspa | |
| 084 | _aA LIA1 | ||
| 100 | 1 |
_aLiao, Jimmy _d1958- _eautor _960593 |
|
| 245 | 1 | 0 |
_aSoy feliz, no me preocupo _bsoy yo quien tiene preocupado al mundo _cJimmy Liao ; traducción del chino Jordi Ainaud i Escudero |
| 250 | _a1a. edición | ||
| 264 | 1 |
_aAlbolote _bBarbara Fiore Editora _c2011 |
|
| 300 |
_a[100] páginas _bilustraciones _c15 cm |
||
| 336 |
_atexto _btxt _2rdacontent |
||
| 337 |
_asin mediación _bn _2rdamedia |
||
| 338 |
_avolumen _bnc _2rdacarrier |
||
| 521 | _aRecomendado para un público infantil mayor de 9 años | ||
| 545 | _aIncluye datos biográficos del autor en la solapa | ||
| 650 | 0 | 0 |
_aLiteratura infantil taiwanesa _ySiglo XX _2LEMB _960594 |
| 650 | 0 | 7 |
_aNiños _vÁlbum _2LEMB _960595 |
| 650 | 0 | 7 |
_aEmociones _vÁlbum _2LEMB _9808 |
| 650 | 0 | 4 |
_aÁlbumes infantiles taiwaneses _ySiglo XX _2LEMB _960596 |
| 650 | 0 | 7 |
_aEmociones _vÁlbum _2LEMB _9808 |
| 700 |
_aAinaud Escudero, Jordi _etraductor _960597 |
||
| 942 |
_2loc _cBKLIT |
||
| 999 |
_c57407 _d57407 |
||